000 00467nam a2200145 a 4500
001 000029338
005 20200930055503.0
008 110414s2006 dr 000 0 spa d
040 _aDO-SdBNP
_bspa
_cBNPHU
082 _axxxx
_bI59
245 1 0 _aInstructivo para el uso de la ley general de libre acceso a la información pública.
260 _aSanto Domingo :
_bFundación Institucionalidad y Justicia (FINJUS),
_c2006.
300 _a13 p. ;
_c22 cm.
049 _aBNPD
999 _c28830
_d28830